| 000 | 00608nam a2200181Ia 4500 | ||
|---|---|---|---|
| 003 | OSt | ||
| 005 | 20200623122227.0 | ||
| 008 | 190216s9999||||xx |||||||||||||| ||und|| | ||
| 020 | _a9788178242149 | ||
| 040 | _coclc | ||
| 082 |
_a954.088297 _bMAY/M |
||
| 100 |
_aMayaram, Shail _92388 |
||
| 245 | 0 |
_aMuslims,Dalits And The Fabrications Of History / _cShail Mayaram ; M S S Pandian ; Ajay Skaria |
|
| 260 |
_bPermanent Black Pub, _aDelhi: _c2007. |
||
| 300 | _a322p | ||
| 650 | 0 |
_aHistory & geography _92271 _vIslamic History |
|
| 942 |
_cBK _2ddc _h954.088297 _iMAY/M _k954.088297 _mMAY/M |
||
| 999 |
_c21189 _d21189 |
||